[Event "Saint Louis Blitz 2020"]
[Site "Saint Louis"]
[Date "2020.09.18"]
[Round "3"]
[White "Aronian, Levon"]
[Black "So, Wesley"]
[Result "1/2-1/2"]
[WhiteElo "2773"]
[BlackElo "2770"]
[Annotator "TA"]
[PlyCount "114"]
[EventDate "2020.09.18"]
[EventType "blitz"]
[EventCountry "USA"]
[SourceTitle "playchess.com"]
[Source "ChessBase"]
[SourceQuality "1"]

{[%evp 16,114,17,19,12,10,23,12,14,0,0,0,0,0,10,0,8,0,20,0,41,11,14,18,27,37,
31,21,24,22,39,0,77,68,72,81,132,125,125,66,66,71,72,68,79,71,79,79,74,72,72,
65,99,0,0,0,0,0,0,0,0,0,3,4,7,8,8,0,8,8,8,8,12,9,49,0,0,0,0,0,0,0,0,0,0,0,1,0,
0,0,0,-2,-2,-8,0,0,0,-8,0,0,0]} 1. e4 e5 2. Nf3 Nc6 3. Bc4 Bc5 4. d3 Nf6 5. c3
d6 6. O-O O-O 7. Nbd2 a6 8. Bb3 h6 9. Re1 Re8 {C54: Giuoco Piano: 4 c3 Nf6,
main lines with 5 d4 and 5 d3.} 10. Nf1 Ba7 11. Ng3 Be6 12. Ba4 b5 13. Bc2 d5
14. exd5 Bxd5 {[#]} 15. Be3 $146 (15. Nh4 {seems wilder.} Re6 16. a4 b4 17.
Nhf5 Na5 18. Bd2) ({Predecessor:} 15. h3 Bc5 16. b4 Bf8 17. a4 g6 18. h4 Be6
19. h5 g5 20. Nxe5 Nxe5 21. Rxe5 {1-0 (35) Oratovsky,M (2499)-Gonzalez Perez,A
(2492) Catalunya 2014}) 15... Bxe3 16. Rxe3 Qd7 17. h3 (17. a4 {feels hotter.}
Rad8 18. h3 Qd6 19. axb5 axb5 20. Qe2) 17... Re6 (17... a5 {keeps more tension.
} 18. Qe2 a4 19. a3 Qd6 20. Re1 g6) 18. Ne4 (18. Qe1 {is more complex.} Rae8
19. b4 Qd8 20. a4 Nd7 21. Qd1) 18... Bxe4 19. dxe4 Rd6 20. Qf1 Qe7 21. a4 b4
22. a5 bxc3 23. bxc3 Rb8 (23... Nd7 $11) 24. Bd3 $16 ({Much weaker is} 24. Qxa6
Nd4 $11) 24... Ra8 25. Bxa6 Nd7 ({Better is} 25... g6) 26. Bb7 Ra7 {[#]} ({
But not} 26... Rxa5 $2 27. Bxc6 Rxa1 28. Qxa1 $18) 27. Bxc6 ({White should play
} 27. Qb5 $1 $16 Ncb8 28. Ree1) 27... Rxc6 $14 28. Qb5 Rb6 29. Qc4 Rba6 30. Rd3
Nc5 31. Rd5 $1 {[%csl LRc5,LRe5]} Rxa5 32. Rxa5 Rxa5 33. Rxe5 ({Of course not} 
33. Nxe5 Ra1+ 34. Kh2 Qf6 $11) 33... Qd6 {And now ...Ra1+ would win.} 34. Qd4 (
34. Re8+ $16 Kh7 35. Ne5 Ra1+ 36. Kh2) 34... f6 $36 {[%mdl 2048] White is
under pressure.} 35. Qxd6 cxd6 {[%mdl 4096] Endgame KRN-KRN} 36. Re7 Kf8 37.
Rc7 Nxe4 38. Nd4 Re5 39. f3 Nc5 40. Rc8+ Kf7 41. Rc7+ Kf8 42. Rc6 Ke7 43. f4
Re1+ 44. Kf2 Nd3+ 45. Kg3 Re3+ {The position is equal.} 46. Kh2 {Hoping for
Nf5+.} g6 47. f5 g5 48. Rc7+ Ke8 49. Rh7 g4 {( -> ...g3+)} 50. hxg4 Ne5 51. g3
Nxg4+ 52. Kh3 Nf2+ 53. Kg2 Ne4 {[%mdl 64] [#] Double Attack} 54. Rh8+ Ke7 55.
Rh7+ Ke8 56. Rh8+ Ke7 57. Rh7+ Ke8 {Accuracy: White = 87%, Black = 88%.}
1/2-1/2

[Event "Saint Louis Blitz 2020"]
[Site "Saint Louis"]
[Date "2020.09.18"]
[Round "3"]
[White "Harikrishna, Pentala"]
[Black "Carlsen, Magnus"]
[Result "1-0"]
[WhiteElo "2732"]
[BlackElo "2863"]
[Annotator "ChessBase"]
[PlyCount "125"]
[EventDate "2020.09.18"]
[EventType "blitz"]
[EventCountry "USA"]
[SourceTitle "playchess.com"]
[Source "ChessBase"]
[SourceQuality "1"]
[TimeControl "300+3"]

1. e4 {[%emt 0:00:03]} c5 {[%emt 0:00:03]} 2. Nf3 {[%emt 0:00:01]} d6 {[%emt 0:
00:00]} 3. c3 {[%emt 0:00:02]} Nf6 {[%emt 0:00:03]} 4. Be2 {[%emt 0:00:01]} Bd7
{[%emt 0:00:09]} 5. Qc2 {[%emt 0:00:04]} Bc6 {[%emt 0:00:03]} 6. d3 {[%emt 0:
00:03]} Nbd7 {[%emt 0:00:05]} 7. O-O {[%emt 0:00:06]} e6 {[%emt 0:00:05]} 8.
Nbd2 {[%emt 0:00:13]} Rc8 {[%emt 0:00:01]} 9. d4 {[%emt 0:00:02]} cxd4 {
[%emt 0:00:11]} 10. Nxd4 {[%emt 0:00:02]} Be7 {[%emt 0:00:01]} 11. Nxc6 {
[%emt 0:00:05]} Rxc6 {[%emt 0:00:03]} 12. Nb3 {[%emt 0:00:21]} O-O {[%emt 0:00:
03]} 13. Be3 {[%emt 0:00:07]} a6 {[%emt 0:00:04]} 14. Rad1 {[%emt 0:00:08]} Rc8
{[%emt 0:00:44]} 15. f4 {[%emt 0:00:26]} Qc7 {[%emt 0:00:02]} 16. Kh1 {[%emt 0:
00:01]} b5 {[%emt 0:00:09]} 17. Bd3 {[%emt 0:00:13]} g6 {[%emt 0:00:15]} 18.
Qe2 {[%emt 0:00:14]} Nb6 {[%emt 0:00:13]} 19. f5 {[%emt 0:00:20]} gxf5 {
[%emt 0:02:23]} 20. exf5 {[%emt 0:00:56]} e5 {[%emt 0:00:01]} 21. Nd2 {[%emt 0:
00:30]} Kh8 {[%emt 0:00:04]} 22. Ne4 {[%emt 0:00:06]} Nbd5 {[%emt 0:00:07]} 23.
Nxf6 {[%emt 0:00:25]} Nxf6 {[%emt 0:00:00]} 24. Bg5 {[%emt 0:00:06]} d5 {
[%emt 0:00:06]} 25. Bc2 {[%emt 0:00:06]} Rcd8 {[%emt 0:00:14]} 26. Bb3 {
[%emt 0:00:20]} e4 {[%emt 0:00:33]} 27. Bxf6+ {[%emt 0:00:29]} Bxf6 {[%emt 0:
00:00]} 28. Bxd5 {[%emt 0:00:01]} Rfe8 {[%emt 0:00:03]} 29. Bxe4 {[%emt 0:00:
14]} Rxd1 {[%emt 0:00:01]} 30. Rxd1 {[%emt 0:00:02]} b4 {[%emt 0:00:06]} 31.
Qxa6 {[%emt 0:00:05]} Kg7 {[%emt 0:00:02]} 32. Qd3 {[%emt 0:00:15]} bxc3 {
[%emt 0:00:02]} 33. bxc3 {[%emt 0:00:01]} Qe5 {[%emt 0:00:05]} 34. Bf3 {
[%emt 0:00:04]} Qe1+ {[%emt 0:00:03]} 35. Qf1 {[%emt 0:00:01]} Qxc3 {[%emt 0:
00:01]} 36. Qf2 {[%emt 0:00:04]} Qe5 {[%emt 0:00:05]} 37. Qg3+ {[%emt 0:00:12]}
Qxg3 {[%emt 0:00:01]} 38. hxg3 {[%emt 0:00:00]} Re5 {[%emt 0:00:01]} 39. g4 {
[%emt 0:00:06]} Ra5 {[%emt 0:00:01]} 40. Bd5 {[%emt 0:00:02]} Ra4 {[%emt 0:00:
01]} 41. Bb3 {[%emt 0:00:06]} Rxg4 {[%emt 0:00:09]} 42. Rd7 {[%emt 0:00:02]}
Kh6 {[%emt 0:00:10]} 43. Rxf7 {[%emt 0:00:08]} Rh4+ {[%emt 0:00:05]} 44. Kg1 {
[%emt 0:00:01]} Kg5 {[%emt 0:00:01]} 45. Be6 {[%emt 0:00:03]} h5 {[%emt 0:00:
06]} 46. Kf2 {[%emt 0:00:03]} Rb4 {[%emt 0:00:01]} 47. Rf8 {[%emt 0:00:04]} h4
{[%emt 0:00:02]} 48. Ke3 {[%emt 0:00:02]} Bd4+ {[%emt 0:00:03]} 49. Kf3 {
[%emt 0:00:02]} Bc5 {[%emt 0:00:09]} 50. Rg8+ {[%emt 0:00:03]} Kf6 {[%emt 0:00:
01]} 51. Rg6+ {[%emt 0:00:05]} Ke5 {[%emt 0:00:01]} 52. Rg4 {[%emt 0:00:01]}
Rb1 {[%emt 0:00:17]} 53. Re4+ {[%emt 0:00:03]} Kf6 {[%emt 0:00:02]} 54. Rxh4 {
[%emt 0:00:01]} Rf1+ {[%emt 0:00:01]} 55. Ke4 {[%emt 0:00:02]} Kg5 {[%emt 0:00:
05]} 56. Rh8 {[%emt 0:00:06]} Re1+ {[%emt 0:00:04]} 57. Kd5 {[%emt 0:00:01]}
Ba3 {[%emt 0:00:01]} 58. Rg8+ {[%emt 0:00:03]} Kf4 {[%emt 0:00:02]} 59. g3+ {
[%emt 0:00:03]} Kf3 {[%emt 0:00:00]} 60. f6 {[%emt 0:00:02]} Rd1+ {[%emt 0:00:
01]} 61. Kc4 {[%emt 0:00:05]} Rd6 {[%emt 0:00:01]} 62. Bd5+ {[%emt 0:00:15]}
Ke3 {[%emt 0:00:05]} 63. Ra8 {[%emt 0:00:01]} 1-0

[Event "Saint Louis Blitz 2020"]
[Site "Saint Louis"]
[Date "2020.09.18"]
[Round "3"]
[White "Xiong, Jeffery"]
[Black "Nakamura, Hikaru"]
[Result "1/2-1/2"]
[WhiteElo "2709"]
[BlackElo "2736"]
[Annotator "TA"]
[PlyCount "100"]
[EventDate "2020.09.18"]
[EventType "blitz"]
[EventCountry "USA"]
[SourceTitle "playchess.com"]
[Source "ChessBase"]
[SourceQuality "1"]

{[%evp 10,100,9,8,24,0,21,12,24,12,13,19,19,20,18,17,14,12,25,27,29,23,29,12,
35,35,43,57,52,16,55,47,55,42,47,46,71,69,65,44,58,6,80,55,80,65,74,34,81,35,
55,60,74,0,0,-10,197,170,170,25,31,23,22,-14,-14,-13,0,-12,-12,-9,0,-104,-23,
-11,0,0,0,-63,-51,-35,-58,-99,0,0,0,0,0,0,0,0,0,0,0]} 1. e4 e5 2. Nf3 Nc6 3. d4
exd4 4. Nxd4 Bc5 5. Nxc6 bxc6 6. Bd3 d6 {C45: Scotch Game.} 7. Qe2 (7. Nc3 {
is more complex.} Nf6 8. Na4 Bb6 9. O-O O-O 10. Bg5) 7... Qe7 8. Be3 Bb6 9. Nc3
Nf6 10. O-O-O O-O 11. h3 Rb8 {[#]} 12. Rhe1 $146 ({Predecessor:} 12. Bf4 Re8
13. g4 g6 14. g5 Nh5 15. Be3 Bd7 16. Bc4 Bxe3+ 17. Qxe3 a5 18. a3 c5 19. Rde1
Bc6 20. Nd5 Qe5 21. c3 Rb7 22. f4 Qg7 23. f5 gxf5 {1/2-1/2 (23) Pluister,
D-Giesen,J Hengelo 1999}) 12... Nd7 13. Na4 Re8 14. f4 Bxe3+ 15. Qxe3 Nb6 16.
Nc3 c5 17. Qf2 f6 18. g4 Be6 19. Rg1 Rf8 20. h4 Bc4 21. Qf3 c6 22. g5 Rbd8 23.
Bxc4+ Nxc4 24. Qd3 Nb6 $1 25. Rg4 (25. a4 $14) 25... d5 (25... f5 $1 $11 26.
exf5 Qd7) 26. gxf6 ({Of course not} 26. exd5 $6 cxd5 27. gxf6 Qxf6 $11) 26...
Rxf6 27. Rdg1 Rf7 $1 28. e5 Kh8 29. h5 Rdf8 30. Qg3 {[#] e6! is the strong
threat.} Rg8 31. Nd1 ({White should try} 31. Ne2 $16) 31... d4 $1 $11 32. Nf2
Qe6 $2 {[#]} (32... Nd5 $1 $11) 33. b3 $1 $18 Qf5 34. Qd3 (34. Re1 $18) 34...
Nd5 $1 $11 35. Qxf5 Rxf5 36. Nd3 Rxh5 37. Nxc5 Ne3 38. Rg5 Rh2 39. Ne4 g6 40.
Nd2 (40. Kb1 $11 {remains equal.}) 40... Rf8 (40... Re8 $17) 41. e6 $1 Nf5 42.
Re1 Re8 43. Nf3 (43. Nc4 $11 Re7 44. Ne5) 43... Rf2 $15 44. Ne5 Kg7 45. Reg1 {
Hoping for Nd3.} Rxf4 (45... Ne3 $17 46. Kb1 Rxc2 47. Nxg6 hxg6 48. Rxg6+ Kf8
49. Rg8+ Ke7 50. R1g7+ Kf6 51. Rg6+ Kf5 52. Rxe8 Kxg6) 46. Nd3 $1 $36 {[%cal
Rd3f4][%mdl 2048] White has the initiative.The position is equal.} Rf3 47. Ne5
Rf2 {Strongly threatening ...Ne3.} 48. Nd3 $1 {[%cal Rd3f2]} Rf3 49. Ne5 Rf4 (
49... Rf2 $5 50. Nd3 $8 Rf3 $11) 50. Nd3 $1 {[%cal Rd3f4]} Rf3 {Accuracy:
White = 76%, Black = 81%.} 1/2-1/2

[Event "Saint Louis Blitz 2020"]
[Site "Saint Louis"]
[Date "2020.09.18"]
[Round "4"]
[White "Carlsen, Magnus"]
[Black "Aronian, Levon"]
[Result "1-0"]
[WhiteElo "2863"]
[BlackElo "2773"]
[Annotator "TA"]
[PlyCount "159"]
[EventDate "2020.09.18"]
[EventType "blitz"]
[EventCountry "USA"]
[SourceTitle "playchess.com"]
[Source "ChessBase"]
[SourceQuality "1"]

{[%evp 11,159,0,1,0,4,16,13,0,-1,2,8,0,-3,-1,23,16,50,19,21,23,22,12,11,14,22,
31,62,32,27,14,58,57,135,135,190,185,185,185,185,185,185,178,362,356,358,329,
336,331,341,337,335,338,297,160,155,164,165,162,173,177,212,208,195,129,235,
245,222,227,179,52,45,36,22,0,8,0,12,12,9,0,4,0,0,-57,38,34,22,-16,-19,-16,-13,
-11,0,0,0,0,0,0,0,0,0,-575,-155,-110,-8,-9,0,0,78,76,126,134,122,82,82,0,1549,
1281,6890,5715,5166,4058,29959,29957,29973,29974,29988,29964,29972,29973,29973,
29974,29977,29978,29977,29979,29979,29980,29980,29980,29980,29981,29981,29982,
29982,29983,29984,29985,29985,29981]} 1. c4 Nf6 2. Nc3 e5 3. e3 Bb4 4. Nge2 O-O
5. a3 Be7 6. d4 exd4 7. Qxd4 {A22: English Opening: 1...e5 2 Nc3 Nf6.} Nc6 8.
Qd1 Re8 9. Nf4 {The position is equal.} Bd6 10. Nfd5 Be5 11. Be2 (11. Bd2 {
is interesting.} Nxd5 12. cxd5 Ne7 13. Bd3 g6 14. O-O) 11... Nxd5 12. cxd5 {[#]
} Bxc3+ $146 ({Predecessor:} 12... Ne7 13. O-O d6 14. Qd3 f5 15. Bd2 Bd7 16.
Rac1 a6 17. Rfe1 Ng6 18. f4 Bf6 {1-0 (27) Malakhatko,V (2470)-Makhnev,D (2476)
Almaty 2019}) 13. bxc3 Ne5 14. O-O d6 15. c4 Qh4 16. Qc2 b6 17. Bb2 Qh6 18. e4
Nd7 19. Rae1 Nc5 20. Bd1 Qg6 {[%cal Re8e4]} 21. Re3 {Strongly threatening Rg3.}
Nxe4 (21... f6 $1 $14) 22. Rfe1 $1 $16 Bf5 (22... f5 $16) 23. g4 Bxg4 24. Bxg4
$40 {[%mdl 128] White goes for the king.} Qxg4+ 25. Kh1 f5 26. f3 {[#]} Qh4 $2
(26... Ng3+ $1 {[%mdl 512]} 27. hxg3 Rxe3 28. Rxe3 (28. fxg4 Rxe1+ 29. Kg2 fxg4
$11) 28... Qh3+ 29. Kg1 Qxg3+ 30. Qg2 Qxg2+ 31. Kxg2 Kf7) 27. fxe4 $18 f4 {[#]}
28. Qg2 $1 {[%csl Gb2][%cal Rg2g7][%mdl 512]} Re7 29. R3e2 Qh5 30. Rf2 Rf8 31.
Rg1 {[%cal Rg2g7] Intending Qxg7+! and mate.} Rff7 32. Bd4 (32. Rgf1 $18) 32...
f3 $16 33. Qg4 Qxg4 34. Rxg4 h5 35. Rh4 g6 36. Kg1 Kh7 37. Rd2 ({White should
play} 37. e5 $18 dxe5 38. Be3) 37... Kh6 (37... g5 $16 {was necessary.} 38.
Rxh5+ {[%mdl 64] Double Attack} Kg6) 38. e5 $1 $18 dxe5 39. Be3+ g5 40. Re4 (
40. d6 $1 $18 {[%cal Rd6e7]} f2+ 41. Bxf2 gxh4 42. dxe7 Rxe7 43. Bxh4 Rg7+ 44.
Rg2) 40... Kg6 $14 41. c5 Kf5 42. Rc4 bxc5 43. Rxc5 Re8 44. Kf2 g4 45. Rc6 Rh8
46. Bxa7 h4 $1 47. Be3 (47. Ke3 $11) 47... Rg7 ({Better is} 47... e4 $1 $15 48.
Kg1 g3) 48. a4 {aiming for a5.} e4 49. d6 g3+ {[%mdl 64] Double Attack} 50. Kf1
$1 cxd6 51. h3 Rd8 {White must now prevent ...Rb7.} 52. Rd5+ $1 Ke6 53. Rh5 $1
Rb7 54. Rh6+ Kd5 55. Rc1 $1 Rb3 56. Bg5 $2 {[%mdl 8192]} (56. Rh5+ $1 $11 {
and White is okay.} Ke6 57. Rh6+ Ke5 58. Rh5+ Ke6 59. Rh6+ Ke5 60. Rh5+ Kf6 61.
Rh6+ Kf5 62. Rh5+ Ke6) 56... Re8 $2 (56... Rg8 $19 57. Rh5 Ke6) 57. Bxh4 g2+ (
57... Rg8 $1 $17 58. Rd1+ Rd3) 58. Kg1 e3 {...Rg8 is the strong threat.} 59.
Rd1+ Kc4 (59... Ke4 $11 60. Bg3 e2 61. Rh4+ Kf5 62. Rf4+ Kg5 63. Rg4+ Kh5 64.
Rh4+ Kg6 65. Rxd6+ Kg7 66. Rg4+ Kf7 67. Rd7+ Kf6 68. Rf4+ Kg6 69. Rg4+ Kf6 70.
Rf4+ Ke6 71. Rd6+ Ke7 72. Re4+ Kf8 73. Rf4+ Ke7 74. Re4+ Kf8 75. Rf4+ Ke7) 60.
Rhxd6 $16 f2+ 61. Kxg2 {Hoping for Bg5.} Rg8+ 62. Kf3 {And now Rc1+ would win.}
Rg1 {[#]} 63. R6d4+ ({White should try} 63. Rc6+ $1 $16 Kb4 64. Rcc1 e2+ 65.
Kxe2 Kxa4 66. Kxf2 Rxd1 67. Rxd1 Rxh3 68. Ra1+ Kb3 69. Bg3) 63... Kc3 $2 {
[%mdl 8192]} (63... Kc5 $11 64. Rd5+ (64. Be7+ Kb6 $11) 64... Kb6) 64. Bxf2 $18
exf2 65. Kxf2 Rxd1 66. Rxd1 {[%mdl 4096] Endgame KR-KR} Kc2 {[#]} 67. Rh1 $1 {
White mates.} Ra3 68. h4 Kd3 69. Kf3 Kd4+ 70. Kf4 Rxa4 71. h5 Kd5+ 72. Kf5 Ra2
73. h6 Rf2+ 74. Kg6 Rg2+ 75. Kf6 Rf2+ 76. Ke7 Re2+ 77. Kd7 Ra2 78. Rh5+ Ke4 79.
h7 Ra7+ 80. Ke6 {Both players deserved the win here. Accuracy: White = 79%,
Black = 66%.} 1-0

[Event "Saint Louis Blitz 2020"]
[Site "Saint Louis"]
[Date "2020.09.18"]
[Round "4"]
[White "So, Wesley"]
[Black "Nepomniachtchi, Ian"]
[Result "1-0"]
[WhiteElo "2770"]
[BlackElo "2784"]
[Annotator "TA"]
[PlyCount "87"]
[EventDate "2020.09.18"]
[EventType "blitz"]
[EventCountry "USA"]
[SourceTitle "playchess.com"]
[Source "ChessBase"]
[SourceQuality "1"]

{[%evp 26,87,21,26,57,60,167,179,181,177,158,166,149,145,139,153,138,156,146,
118,192,178,192,174,177,177,229,210,259,247,349,349,349,349,336,285,418,418,
392,277,391,366,579,579,1284,1310,1160,981,12841,12841,12841,12842,12842,12843,
12845,12845,12845,12846,12846,12844,12845,0,12845,12843]} 1. d4 Nf6 2. c4 g6 3.
Nc3 d5 4. cxd5 Nxd5 5. e4 Nxc3 6. bxc3 Bg7 7. Nf3 c5 8. Rb1 O-O 9. Be2 Bg4 10.
Rxb7 Bxf3 11. Bxf3 cxd4 12. cxd4 Bxd4 13. O-O Nc6 14. Qa4 Rc8 {D85: Exchange
Grünfeld: Unusual White 7th moves and lines with 7 Nf3.} 15. Ba3 {[#]} Bb6 $146
(15... Bf6 $14) ({Predecessor:} 15... Re8 16. Rd1 Qa5 17. Qxa5 Nxa5 18. Rxe7
Rxe7 19. Bxe7 Bb6 20. h4 Rc2 21. e5 Rxf2 22. Kh2 {1/2-1/2 (56) Cowpar,
S-Boyarchenko,V ICCF email 2008}) 16. Rd1 $18 Qe8 {White is clearly better.}
17. Be2 {aiming for Bb5.} Na5 18. Bb5 Nxb7 19. Bxe8 Rfxe8 20. g3 Nc5 21. Bxc5
Bxc5 22. Kg2 Red8 (22... Bb6 $16 {was necessary.} 23. e5 e6) 23. Rxd8+ Rxd8 {
[%mdl 4096] Endgame KQ-KRB} 24. Qc2 Bb6 25. a4 {[%cal Ba2a4,Ba4a5][%mdl 32]} e5
(25... e6 {is a better defense.} 26. f4 h6) 26. h4 h5 27. f3 Be3 (27... Rd4
$142 28. Qc8+ Rd8) 28. Qc3 Bd4 29. Qc7 Re8 30. a5 Re6 (30... Kg7 {was worth a
try.} 31. Kf1 Re6) 31. f4 Kg7 {intending ...exf4.} 32. Kf3 Rf6 (32... exf4 {
keeps fighting.} 33. gxf4 a6) 33. Qd7 Bc3 (33... a6 $142 34. f5 Bb2) 34. Qxa7
exf4 35. gxf4 Be5 36. Qe3 Bc7 37. Qc3 Bb8 38. a6 Ba7 39. f5 gxf5 40. exf5 Bb8
41. Ke4 Ba7 42. Qb2 Bb6 43. Qc3 $2 {[#]} (43. Kf4 $18 Bc5 {[#]} 44. Kg5 $1 {
[%mdl 512]} Be3+ 45. Kxh5) 43... Bf2 $2 {[%mdl 8192]} (43... Ba7 $11 44. Qa1
Bf2) 44. Kf4 {Accuracy: White = 92%, Black = 32%.} 1-0

[Event "Saint Louis Blitz 2020"]
[Site "Saint Louis"]
[Date "2020.09.18"]
[Round "4"]
[White "Dominguez Perez, Leinier"]
[Black "Grischuk, Alexander"]
[Result "0-1"]
[WhiteElo "2758"]
[BlackElo "2777"]
[Annotator "TA"]
[PlyCount "62"]
[EventDate "2020.09.18"]
[EventType "blitz"]
[EventCountry "USA"]
[SourceTitle "playchess.com"]
[Source "ChessBase"]
[SourceQuality "1"]

{[%evp 19,62,16,25,15,12,7,17,21,44,39,30,47,47,34,64,67,69,64,64,56,72,56,47,
51,54,67,53,55,86,22,40,35,25,-219,-202,-465,-450,-451,-443,-562,-565,-553,
-537,-578,-583]} 1. e4 c5 2. Nf3 d6 3. d4 cxd4 4. Nxd4 Nf6 5. Nc3 a6 6. Be2 e5
7. Nb3 Be7 8. Be3 Be6 9. O-O Nbd7 10. a4 Rc8 11. Qd3 {B92: Sicilian Najdorf: 6
Be2.} O-O 12. a5 Qc7 13. Rfc1 {The position is equal.} Rfe8 14. Nd5 Bxd5 15.
exd5 {[#]} Nc5 $146 ({Predecessor:} 15... e4 16. Qd1 Ne5 17. c4 Nfd7 18. Nd2 f5
19. b4 {1-0 (40) Kuczynski,R (2430)-Breitfeld,M Goerlitz 1999}) 16. Qd1 Nfe4
17. f3 Nf6 $1 18. c4 Nxb3 19. Qxb3 Nd7 20. Qa3 h6 21. b4 Bg5 22. Bxg5 hxg5 23.
Qe3 Qd8 24. Rc3 ({White should try} 24. c5 $16) 24... Nf6 25. Rd1 e4 26. Qd4 $2
{[#] Now White is beyond hope.} (26. f4 $11) 26... exf3 $1 $19 27. Bxf3 $2 {[#]
} (27. Bf1 f2+ 28. Qxf2) 27... g4 $1 {[%mdl 576] Deflection. Black is clearly
winning.} 28. Bxg4 Re4 {[%mdl 64] Double Attack} 29. Bxc8 {Qb6 is the strong
threat.} Rxd4 30. Rxd4 Qxc8 31. c5 Qe8 {Accuracy: White = 61%, Black = 88%.}
0-1

[Event "Saint Louis Blitz 2020"]
[Site "Saint Louis"]
[Date "2020.09.18"]
[Round "4"]
[White "Nakamura, Hikaru"]
[Black "Firouzja, Alireza"]
[Result "1-0"]
[WhiteElo "2736"]
[BlackElo "2728"]
[Annotator "ChessBase"]
[PlyCount "111"]
[EventDate "2020.09.18"]
[EventType "blitz"]
[EventCountry "USA"]
[SourceTitle "playchess.com"]
[Source "ChessBase"]
[SourceQuality "1"]
[TimeControl "300+3"]

1. e4 {[%emt 0:00:03]} c5 {[%emt 0:00:03]} 2. Nf3 {[%emt 0:00:02]} d6 {[%emt 0:
00:01]} 3. Bb5+ {[%emt 0:00:03]} Nd7 {[%emt 0:00:01]} 4. Ba4 {[%emt 0:00:01]}
a6 {[%emt 0:00:02]} 5. c3 {[%emt 0:00:04]} b5 {[%emt 0:00:08]} 6. Bc2 {[%emt 0:
00:01]} Bb7 {[%emt 0:00:06]} 7. O-O {[%emt 0:00:01]} Ngf6 {[%emt 0:00:05]} 8.
Re1 {[%emt 0:00:07]} g6 {[%emt 0:00:05]} 9. d4 {[%emt 0:00:02]} cxd4 {[%emt 0:
00:02]} 10. cxd4 {[%emt 0:00:00]} Bg7 {[%emt 0:00:01]} 11. Nbd2 {[%emt 0:00:13]
} O-O {[%emt 0:00:04]} 12. Nf1 {[%emt 0:00:01]} Rc8 {[%emt 0:00:05]} 13. Ng3 {
[%emt 0:00:02]} Qc7 {[%emt 0:00:18]} 14. Bd3 {[%emt 0:00:03]} Qb8 {[%emt 0:00:
15]} 15. Bd2 {[%emt 0:00:10]} e5 {[%emt 0:00:11]} 16. d5 {[%emt 0:00:01]} Nc5 {
[%emt 0:00:03]} 17. Bc2 {[%emt 0:00:21]} Ba8 {[%emt 0:00:34]} 18. h3 {[%emt 0:
00:25]} Kh8 {[%emt 0:00:16]} 19. b4 {[%emt 0:00:10]} Ncd7 {[%emt 0:00:01]} 20.
a4 {[%emt 0:00:00]} Nb6 {[%emt 0:00:07]} 21. axb5 {[%emt 0:00:02]} axb5 {
[%emt 0:00:01]} 22. Bd3 {[%emt 0:00:01]} Nc4 {[%emt 0:00:01]} 23. Qe2 {[%emt 0:
00:04]} Nxd2 {[%emt 0:00:22]} 24. Qxd2 {[%emt 0:00:15]} Ng8 {[%emt 0:00:26]}
25. Ra5 {[%emt 0:00:03]} Bh6 {[%emt 0:00:19]} 26. Qb2 {[%emt 0:00:10]} Qc7 {
[%emt 0:00:19]} 27. Rxb5 {[%emt 0:00:06]} Bc1 {[%emt 0:00:30]} 28. Qa1 {
[%emt 0:00:35]} Bf4 {[%emt 0:00:16]} 29. Ra5 {[%emt 0:00:35]} Qb6 {[%emt 0:00:
20]} 30. Ra6 {[%emt 0:00:30]} Qxb4 {[%emt 0:00:33]} 31. Ne2 {[%emt 0:00:01]}
Bh6 {[%emt 0:00:04]} 32. Rb1 {[%emt 0:00:04]} Qc5 {[%emt 0:00:01]} 33. Ra7 {
[%emt 0:00:51]} Be3 {[%emt 0:00:19]} 34. fxe3 {[%emt 0:00:07]} Qxe3+ {[%emt 0:
00:01]} 35. Kh1 {[%emt 0:00:08]} Qxd3 {[%emt 0:00:02]} 36. Ng3 {[%emt 0:00:01]}
Nf6 {[%emt 0:00:09]} 37. Re1 {[%emt 0:00:06]} Kg8 {[%emt 0:00:17]} 38. Kh2 {
[%emt 0:00:20]} h5 {[%emt 0:00:04]} 39. Ra3 {[%emt 0:00:09]} Qc2 {[%emt 0:00:
07]} 40. Ra6 {[%emt 0:00:15]} Rfd8 {[%emt 0:00:09]} 41. Nxe5 {[%emt 0:00:13]}
h4 {[%emt 0:00:01]} 42. Nf1 {[%emt 0:00:00]} Nxe4 {[%emt 0:00:12]} 43. Ng4 {
[%emt 0:00:07]} Nc3 {[%emt 0:00:01]} 44. Ra3 {[%emt 0:00:16]} Bxd5 {[%emt 0:00:
05]} 45. Nfe3 {[%emt 0:00:01]} Qd2 {[%emt 0:00:01]} 46. Nf6+ {[%emt 0:00:03]}
Kf8 {[%emt 0:00:02]} 47. Nfxd5 {[%emt 0:00:02]} Nxd5 {[%emt 0:00:03]} 48. Qh8+
{[%emt 0:00:00]} Ke7 {[%emt 0:00:01]} 49. Nxd5+ {[%emt 0:00:08]} Kd7 {[%emt 0:
00:00]} 50. Nf6+ {[%emt 0:00:03]} Kc6 {[%emt 0:00:06]} 51. Qxh4 {[%emt 0:00:00]
} d5 {[%emt 0:00:06]} 52. Rea1 {[%emt 0:00:05]} g5 {[%emt 0:00:02]} 53. Ra6+ {
[%emt 0:00:02]} Kb5 {[%emt 0:00:04]} 54. Qa4+ {[%emt 0:00:06]} Kc5 {[%emt 0:00:
01]} 55. Ra5+ {[%emt 0:00:02]} Kd6 {[%emt 0:00:02]} 56. Rxd5+ {[%emt 0:00:01]}
1-0

[Event "Saint Louis Blitz 2020"]
[Site "Saint Louis"]
[Date "2020.09.18"]
[Round "4"]
[White "Xiong, Jeffery"]
[Black "Harikrishna, Pentala"]
[Result "0-1"]
[WhiteElo "2709"]
[BlackElo "2732"]
[Annotator "ChessBase"]
[PlyCount "36"]
[EventDate "2020.09.18"]
[EventType "blitz"]
[EventCountry "USA"]
[SourceTitle "playchess.com"]
[Source "ChessBase"]
[SourceQuality "1"]
[TimeControl "300+3"]

1. e4 {[%emt 0:00:03]} c6 {[%emt 0:00:03]} 2. d4 {[%emt 0:00:02]} d5 {[%emt 0:
00:01]} 3. f3 {[%emt 0:00:00]} dxe4 {[%emt 0:00:05]} 4. fxe4 {[%emt 0:00:00]}
e5 {[%emt 0:00:02]} 5. Nf3 {[%emt 0:00:01]} Bg4 {[%emt 0:00:04]} 6. Bc4 {
[%emt 0:00:01]} Nd7 {[%emt 0:00:18]} 7. c3 {[%emt 0:00:00]} Bd6 {[%emt 0:00:12]
} 8. Qb3 {[%emt 0:00:14]} Qe7 {[%emt 0:00:04]} 9. O-O {[%emt 0:02:24]} Ngf6 {
[%emt 0:00:42]} 10. Qxb7 {[%emt 0:00:02]} O-O {[%emt 0:00:50]} 11. dxe5 {
[%emt 0:00:29]} Bxe5 {[%emt 0:00:51]} 12. Nxe5 {[%emt 0:00:01]} Qc5+ {[%emt 0:
00:08]} 13. Kh1 {[%emt 0:00:03]} Nxe5 {[%emt 0:00:01]} 14. b3 {[%emt 0:01:03]}
Nxc4 {[%emt 0:00:29]} 15. bxc4 {[%emt 0:00:03]} Nxe4 {[%emt 0:00:10]} 16. Qb2 {
[%emt 0:00:18]} Rad8 {[%emt 0:00:23]} 17. Qc2 {[%emt 0:00:28]} Rfe8 {[%emt 0:
00:15]} 18. Bf4 {[%emt 0:00:32]} Nf2+ {[%emt 0:00:18]} 0-1